| 000 | 00925nam a2200337 a 4500 | ||
|---|---|---|---|
| 003 | AR-BaBNM | ||
| 005 | 20251128210509.0 | ||
| 008 | 082120s2002 ||||||||||||||000 | spa|| | ||
| 020 | _a84-8063-030-2 | ||
| 040 | _cAR-BaBNM | ||
| 100 | 1 | _aJunyent, Carme | |
| 245 | 0 | 0 |
_aLas lenguas del mundo _buna introducción |
| 250 | _a1ª ed. | ||
| 260 |
_aBarcelona _bEdiciones Octaedro _c1993 |
||
| 300 | _a94 p. | ||
| 490 | 0 |
_aLenguaje y comunicación _vv. 2 |
|
| 500 | _aContiene referencias bibliográficas | ||
| 650 | 4 | _aLINGUISTICA | |
| 650 | 4 | _aTEORIA LINGUISTICA | |
| 650 | 4 | _aLINGUISTICA DESCRIPTIVA | |
| 650 | 4 | _aGRAMATICA | |
| 650 | 4 | _aCAMBIO LINGUISTICO | |
| 650 | 4 | _aLINGUISTICA COMPARATIVA Y DIACRONICA | |
| 650 | 4 | _aANALISIS LINGUISTICO | |
| 650 | 4 | _aFILOLOGIA | |
| 650 | 4 | _aFONETICA | |
| 653 | _aHISTORIA DE LA LENGUA | ||
| 800 | 1 |
_aOrtega, Jenaro _edirector |
|
| 942 | _cBK | ||
| 998 | _cMARTIN | ||
| 999 |
_c15689 _d15689 |
||